Szczegóły MARC21

Baltic Europe in the perspective of global change : in memoriam of Jean Christophe Öberg /

003 -Nazwa inst., której nr kontr. jest w polu 001 [,]
    • @
    • Nazwa instytucji, której n kontrolny jest w polu 001
    • NUKAT
005 -DATA I CZAS OSTATNIEJ MODYFIKACJI [,]
    • @
    • pole kontrolne
    • 20241231085429.0
020 -Międzynarod. znormalizowany nr książki - ISBN [ , ]
    • a
    • Numer ISBN
    • 838550527X Find
040 -Instytucja sporządzająca opis [ , ]
    • a
    • Instytucja, która sporządziła opis (NP)
    • WA U/96BG
    • c
    • Instytucja, która sporządziła rekord (NP)
    • WA U/BG
    • d
    • Instytucja, która zmodyfikowała rekord (P)
    • WA U/ak
    • d
    • Instytucja, która zmodyfikowała rekord (P)
    • SIEDL 001/AD
942 -Rodzaj dokumentu [ , ]
    • c
    • Rodzaj dokumentu
    • Książka
245 -Strefa tytułu i oznaczenia odpowiedzialności [0,0]
    • a
    • Tytuł
    • Baltic Europe in the perspective of global change : Find
    • b
    • Ciąg dalszy tytułu (NP)
    • in memoriam of Jean Christophe Öberg / Find
    • c
    • Pozostałe elementy strefy tytułu i oznaczenia odpowiedzialności (NP)
    • ed. Antoni Kukliński ; European Institute for Regional and Local Development. University of Warsaw.
260 -Strefa adresu wydawniczego [ , ]
    • a
    • Miejsce wydania (P)
    • Warszawa :
    • b
    • Nazwa wydawcy (P)
    • Oficyna Naukowa,
    • c
    • Data wydania (P)
    • 1995.
300 -Strefa opisu fizycznego [ , ]
    • a
    • Określenie formy książki i/lub objętość (NP)
    • 517 s., [1] k. portr. kolor. :
    • b
    • Oznaczenie ilustracji (NP)
    • il. ;
    • c
    • Format (NP)
    • 24 cm.
336 -Typ zawartości [ , ]
    • a
    • Termin opisujący typ zawartości
    • Tekst
    • b
    • Kod określający zawartość
    • txt
    • 2
    • Źródło (terminu i kodu)
    • rdacontent
337 -Typ mediów [ , ]
    • a
    • Tryb odtwarzania
    • Bez urządzenia pośredniczącego
    • b
    • Kod typu mediów
    • n
    • 2
    • Źródło (terminu i kodu)
    • rdamedia
338 -Typ/rodzaj nośnika [ , ]
    • a
    • Hasło opisujące typ nośnika
    • Wolumin
    • b
    • Kod typu nośnika
    • nc
    • 2
    • Źródło (terminu i kodu)
    • rdacarrier
490 -Strefa serii i książki wielotomowej - forma nie do wyszukiwania [1, ]
    • a
    • Tytuł (P)
    • Europe 2010 Series ; Find
    • v
    • Numeracja (P)
    • vol. 1
830 -Hasło dodatkowe serii i opisu książki wielotomowej - tytuł ujednolicony/tytuł [ ,0]
    • a
    • Tytuł ujednolicony/tytuł (NP)
    • Europe 2010 Series
    • v
    • Oznaczenie tomu (NP)
    • vol. 1
    • 9
    • KHW
    • 420000
504 -Uwaga dot. bibliogr. załącznikowej [ , ]
    • a
    • Uwaga dot. bibliografii załącznikowej
    • Bibliogr. przy niektórych rozdz.
080 -Uniwersalna Klasyfikacja Dziesiętna [ , ]
    • a
    • Symbol klasyfikacji
    • 338.22(4:261.24)"1989/..."
080 -Uniwersalna Klasyfikacja Dziesiętna [ , ]
    • a
    • Symbol klasyfikacji
    • :504(4:261.24)"1989/..."
651 -Hasło przedmiotowe w formie nazwy geograficznej [ ,7]
    • a
    • Nazwa geograficzna
    • Bałtyk (region)
    • x
    • Określnik rzeczowy
    • sytuacja gospodarcza
    • v
    • Określnik formalny
    • konferencje.
    • 2
    • Źródło terminu
    • kaba
    • 9
    • KHW
    • 419946
651 -Hasło przedmiotowe w formie nazwy geograficznej [ ,7]
    • a
    • Nazwa geograficzna
    • Bałtyk (region)
    • x
    • Określnik rzeczowy
    • polityka gospodarcza
    • v
    • Określnik formalny
    • konferencje.
    • 2
    • Źródło terminu
    • kaba
    • 9
    • KHW
    • 419945
980 -Symbol UKD [ , ]
    • a
    • UKD
    • 338.22:504](4:261.24)"1989/..."
700 -Hasło dodatkowe - nazwa osobowa [1, ]
    • a
    • Nazwa osobowa (NP)
    • Kukliński, Antoni Find
    • d
    • Daty biograficzne (NP)
    • (1927-2015).
    • 9
    • KHW
    • 38134
710 -Hasło dodatkowe - nazwa ciała zbiorowego [2, ]
    • a
    • Nazwa ciała zbiorowego lub nazwa geograficzna jako pierwszy element (NP)
    • Oficyna Naukowa.
    • 4
    • Kod relacji
    • pbl
    • 9
    • KHW
    • 52862
920 -ISBN [ , ]
    • a
    • ISBN
    • 83-85505-27-X Find
Status udost. Numer inwentarzowy Lokalizacja Data inwentaryzacji
-2E.63586BE1996-05-15
-11TS.78695T1996-07-18